[Event "ACL-A098"]
[Site "www.playchess.de"]
[Date "2001.04.25"]
[Round "13"]
[White "ulibear"]
[Black "Trafalmadore"]
[WhiteElo "1500"]
[BlackElo "1500"]
[PlyCount "69"]
[Result "1-0"]

1.Nf3 d5 2.d4 Nf6 3.Bg5 Ne4 4.Bh4 {sort of 
trompo...}  Qd6 {With something like the 
Fajarowicz, perhaps <g>}  5.e3 Qb4+ 6.Nbd2 {never 
met before}  e5 {It's a Budapest gambit, then 3. 
d:e Ne4}  7.Qc1 Nxd2 {I agree it's not an 
"establishment" line.}  8.Qxd2 {ok, grab the 
pawn(s)}  Qxb2 {You could have played 8. N:d2}  
9.Rc1 {8. giving up protection of Bh4?? riskyater 
evil}  Nc6 {What was - is - menacing h4??}  10.c3 
{I do not like my officers unguarded}  Qxd2+ {Is 
this Nimzo's vocabulary? <g>}  11.Nxd2 {you're 
right}  Bd6 {I'm an hypermoderns worshipper! Is it 
true that "Mein System" in German is a special 
experience?}  12.Bg3 {I think it's the same good 
reading in any language.}  O-O 13.Be2 Bf5 14.O-O 
{did you read Watson's new book about Nimzo and 
after ??}  Rfe8 {"Secrets of mod. ch. strategy"? A 
classic, but I don't share his love for dynamic 
play...}  15.Nf3 {the knight moves a bit dynamic 
...}  Rad8 {... and I keep up with 
centralization...}  16.dxe5 {surprise .. expected 
15...e4}  Nxe5 {Ah, but my pieces are swarming in 
the centre!}  17.Nd4 {true, I'll chase them}  Bd3 
{Not righy now - I'll keep you busy!}  18.Bxe5 
{surprise surprise}  Bxe2 {I would have captured 
d3.}  19.Nxe2 Rxe5 {I'm not sure if advancing the 
Rook now is wise...}  20.Nd4 {the game will show 
...}  c5 {Well, since I'm advancing... <g>}  
21.Nf3 {i must play good moves, but first find 
them}  Rh5 {Well, still lots of opportunities for 
the both of us, after all.}  22.g3 {I like this 
game of attack and defence}  b5 {Me, too. Although 
now it's time for a bit of advancing...}  23.h4 
{the hour of dare-devil pawns}  Rf5 {And 
"mysterious Rook moves"...}  24.Kg2 {ok, the horse 
must be guarded, what mystery? :-))_}  h6 {No 
mistery... just another Nimzo quip :)}  25.Rfe1 {I 
see, it's beyond my chess horizon}  Re8 {Just a 
way to say, "I moved the Rook without many 
expectations" <g>}  26.Rcd1 {I feel you are 
following a plan which I do not see clearly i}  
Re6 {As J. Watson observes, Rooks can move to many 
uses...}  27.Nh2 {have not yet completed Watson 
:-)}  a5 {A masterpiece, despite its flaws.}  
28.f4 {impressive pawn formation}  h5 {Thank you! 
I count on it for the future, since the K-side is 
blocked...}  29.Nf3 {true, I count on my horse}  
Be7 {Then AFAIK this is the way to go. WER REITET 
SO SPAT DURCH NACHT UND WIND?}  30.Rdb1 {Jader 
Vater... Du erstaunst mich really:-)}  b4 {Just 
some school reminiscence that seemed fit... why 
"jader"? :)}  31.cxb4 {Ja, der Vater ... you have 
been to a good school - non scholae, sed vitae 
discimus...  -  t  had r"}  axb4 {Good old 
Trient... almost Austria...}  32.Rbc1 Ra6 33.Rc2 
{I'm sweating under Italian sunshine :-)}  Ra7 
{Here is snowing! Where are you, lucky man?}  
34.e4 {sorry, we have the same awful spring 
weather;  I meant it just literally :-))}  dxe4 
{As a matter of fact, the whole notion of 
"italienische Sonne" is quite literary now... ;)}  
35.Rxe4 {right, literary, not literally, my 
english is poor}  1-0

[Event "HCL-B190"]
[Site "www.playchess.de"]
[Date "2001.04.25"]
[Round "23"]
[White "Pelikan"]
[Black "reboot"]
[WhiteElo "1417"]
[BlackElo "1200"]
[PlyCount "45"]
[Result "1-0"]

1.e4 e5 2.Nf3 d6 3.Bc4 h6 4.O-O Nf6 5.d3 Nc6 6.h3 
Be7 7.Nc3 a6 8.Be3 b5 9.Bd5 Nxd5 10.Nxd5 Be6 
11.Re1 O-O 12.d4 exd4 13.Nxd4 Bxd5 14.exd5 Ne5 
15.f4 Nc4 16.Nc6 Qd7 17.Bd4 Bf6 18.Bxf6 gxf6 
19.Qh5 Kh7 20.Ne7 Rae8 21.Nf5 Rfh8 22.Qxh6+ Kg8 
23.Qg7+ 1-0

[Event "HCL-C200"]
[Site "www.playchess.de"]
[Date "2001.04.25"]
[Round "9"]
[White "flywheel"]
[Black "rrr3"]
[WhiteElo "1211"]
[BlackElo "1000"]
[PlyCount "88"]
[Result "0-1"]

1.e4 c5 2.Bc4 e6 3.Nf3 Nc6 4.d4 cxd4 5.Nxd4 Nf6 
6.Bg5 Be7 7.Nc3 a6 8.O-O O-O 9.Nf3 d6 10.e5 dxe5 
11.Qxd8 Bxd8 12.Bxf6 Bxf6 13.Rad1 b5 14.Bb3 e4 
15.Nxe4 Bxb2 16.c4 Rd8 17.cxb5 axb5 18.Rxd8+ Nxd8 
19.Rd1 Bb7 20.Neg5 h6 21.Nh3 g5 22.Rd7 g4 23.Nd2 
gxh3 24.gxh3 Rc8 25.Kf1 Bc6 26.Rd3 Nb7 27.Rg3+ Kf8 
28.Bc2 Be5 29.Rg4 Ke7 30.f4 Bc7 31.Rg7 Bxf4 32.Nb3 
Bxh2 33.Bg6 Kf6 34.Rxf7+ Kxg6 35.Rf2 Bc7 36.Nd4 
Bb6 37.Nxc6 Bxf2 38.Ne7+ Kg5 39.Nxc8 Bc5 40.Kg2 
Kf4 41.Kh2 Na5 42.h4 Kg4 43.a4 bxa4 44.h5 
a3 0-1

[Event "HCL-B196"]
[Site "www.playchess.de"]
[Date "2001.04.25"]
[Round "14"]
[White "Pelikan"]
[Black "hal9000"]
[WhiteElo "1443"]
[BlackElo "1200"]
[PlyCount "55"]
[Result "1-0"]

1.e4 c5 2.Nf3 d6 3.d4 cxd4 4.Nxd4 Nf6 5.Nc3 a6 
6.Be2 e6 7.Be3 Be7 8.O-O O-O 9.f4 Nbd7 10.Bf3 Rb8 
11.f5 Ne5 12.fxe6 Nxf3+ 13.Rxf3 fxe6 14.Qd2 e5 
15.Nf5 Bxf5 16.Rxf5 Ng4 17.Rxf8+ Qxf8 18.Ba7 Ra8 
19.Rf1 Nf6 20.Bb6 Qc8 21.Nd5 Nxd5 22.Qxd5+ Kh8 
23.Rf7 Qd7 24.c4 Rf8 25.Rxf8+ Bxf8 26.c5 Qb5 
27.Qf7 h6 28.Qxf8+ 1-0

[Event "HCL-A086"]
[Site "www.playchess.de"]
[Date "2001.04.25"]
[Round "30"]
[White "Felix"]
[Black "chessnut"]
[WhiteElo "1674"]
[BlackElo "2067"]
[PlyCount "41"]
[Result "1/2-1/2"]

1.d4 Nf6 2.c4 c5 3.d5 b5 4.cxb5 a6 5.bxa6 Bxa6 
6.Nc3 d6 7.Nf3 g6 8.e4 Bxf1 9.Kxf1 Bg7 10.g3 O-O 
11.Kg2 Nbd7 12.Re1 Qb6 13.Re2 Rfb8 14.Bf4 Nh5 
15.Bg5 h6 16.Be3 Nhf6 17.h3 Kh7 18.Rc1 Qa6 19.Rcc2 
Rb4 20.Bf4 Nh5 21.Bd2 1/2-1/2

[Event "HCL-C209"]
[Site "www.playchess.de"]
[Date "2001.04.25"]
[Round "18"]
[White "GuanoApe"]
[Black "GENIO_DEL_MAL"]
[WhiteElo "1000"]
[BlackElo "1000"]
[PlyCount "23"]
[Result "1-0"]

1.e4 {good luck..15 male from belgium here}  c5 
{Thank you. Good luck.}  2.Nc3 d6 3.Bb5+ Bd7 
4.Bxd7+ Nxd7 5.f4 Ngf6 6.d3 e6 7.Nf3 Be7 8.O-O a6 
9.h3 O-O 10.g4 Qb6 11.Qe1 c4+ 12.Kh2 1-0

[Event "HCL-C209"]
[Site "www.playchess.de"]
[Date "2001.04.25"]
[Round "24"]
[White "GENIO_DEL_MAL"]
[Black "lsoule"]
[WhiteElo "1000"]
[BlackElo "971"]
[PlyCount "38"]
[Result "0-1"]

1.e4 {Hello}  c5 {Hello from Santa Cruz, 
California}  2.Nf3 {O.K., I am from Mexico City}  
d6 3.Bc4 {.}  e6 4.O-O {.}  d5 5.exd5 exd5 6.Be2 
Nf6 7.Nc3 d4 8.Bb5+ Nbd7 9.Ne2 a6 10.Bxd7+ Bxd7 
11.d3 Bg4 12.Ne5 Bd6 13.Bf4 Qe7 14.h3 Bh5 15.g4 
Bxe5 16.gxh5 Nxh5 17.Bxe5 Qxe5 18.f4 Qe3+ 19.Kh2 
O-O 0-1

[Event "ACL-E003"]
[Site "www.playchess.de"]
[Date "2001.04.25"]
[Round "34"]
[White "Goofy"]
[Black "deepcover"]
[WhiteElo "1753"]
[BlackElo "1710"]
[PlyCount "93"]
[Result "1/2-1/2"]

1.d4 d5 2.c4 e6 3.Nc3 Be7 4.Nf3 Nf6 5.Bg5 h6 6.Bh4 
O-O 7.e3 b6 8.Rc1 Bb7 9.Bxf6 Bxf6 10.cxd5 exd5 
11.Bd3 c5 12.O-O c4 13.Bf5 Nc6 14.b3 g6 15.Bb1 Re8 
16.bxc4 dxc4 17.Qa4 Na5 18.Qc2 Bxf3 19.gxf3 Bg7 
20.Ne4 b5 21.Kh1 f5 22.Ng3 Qd5 23.e4 Qxd4 24.Rfd1 
Qb2 25.exf5 g5 26.Rd6 Qxc2 27.Bxc2 Red8 28.Rcd1 
Nb7 29.R6d7 Rxd7 30.Rxd7 Nc5 31.Rc7 Na6 32.Rb7 Rb8 
33.Rxa7 Nb4 34.Be4 Bd4 35.Rd7 Bb2 36.Nh5 Rb6 37.a3 
Bxa3 38.f6 Bb2 39.Bh7+ Kh8 40.Bg6 Bxf6 41.Rf7 Be7 
42.Rh7+ Kg8 43.Rg7+ Kf8 44.Rf7+ Kg8 45.Rg7+ Kh8 
46.Rh7+ Kg8 47.Rg7+ 1/2-1/2

[Event "HCL-C215"]
[Site "www.playchess.de"]
[Date "2001.04.25"]
[Round "3"]
[White "Ewie"]
[Black "SpiderMan"]
[WhiteElo "693"]
[BlackElo "800"]
[PlyCount "23"]
[Result "1-0"]

1.e4 e5 2.Nf3 Nc6 3.Bb5 Nge7 4.O-O Nd4 5.Nxd4 exd4 
6.Qf3 c6 7.Bc4 d5 8.Bb3 Be6 9.d3 Qc7 10.Nd2 O-O-O 
11.Re1 Ng6 12.Nf1 1-0

[Event "HCL-B212"]
[Site "www.playchess.de"]
[Date "2001.04.25"]
[Round "13"]
[White "DIG"]
[Black "Trinity"]
[WhiteElo "1500"]
[BlackElo "1029"]
[PlyCount "51"]
[Result "1-0"]

1.e4 e5 2.Nc3 Nf6 3.Bc4 Bb4 4.Nf3 Nc6 5.O-O Bxc3 
6.bxc3 Nxe4 7.Bb5 d6 8.d4 O-O 9.Qd3 Nf6 10.Bxc6 
bxc6 11.dxe5 dxe5 12.Nxe5 Qxd3 13.cxd3 Ba6 14.c4 
Rfd8 15.Re1 Bc8 16.Rb1 Bf5 17.Rb7 Rde8 18.Rxc7 
Bxd3 19.Nxd3 Rxe1+ 20.Nxe1 Re8 21.Kf1 Ng4 22.Nf3 
g6 23.Rxc6 Rd8 24.Bf4 Rd1+ 25.Ke2 Rc1 
26.Bxc1 1-0

[Event "HCL-B219"]
[Site "www.playchess.de"]
[Date "2001.04.25"]
[Round "6"]
[White "CALZON-FIESTERO"]
[Black "Whatever"]
[WhiteElo "1500"]
[BlackElo "1473"]
[PlyCount "70"]
[Result "0-1"]

1.e4 c5 2.Bc4 e6 3.Nc3 Nc6 4.d3 a6 5.a3 b5 6.Ba2 
Nf6 7.Bg5 Be7 8.Nf3 O-O 9.O-O h6 10.Be3 d5 11.exd5 
exd5 12.d4 c4 13.Re1 Bg4 14.h3 Bh5 15.b3 Re8 16.b4 
Ne4 17.Nb1 f5 18.Qc1 g5 19.Nfd2 Nxd2 20.Nxd2 f4 
21.Bxf4 gxf4 22.Re6 Kg7 23.Rxc6 Qd7 24.Rb6 Bd8 
25.g4 fxg3 26.Rxh6 gxf2+ 27.Kxf2 Kxh6 28.Ne4+ Kh7 
29.Ng3 Bh4 30.Kg2 Qg7 31.Qf4 Re2+ 32.Kh1 Bxg3 
33.Qf5+ Qg6 34.Qd7+ Kh6 35.Qxd5 
Rf8 0-1

[Event "HCL-C213"]
[Site "www.playchess.de"]
[Date "2001.04.25"]
[Round "32"]
[White "Saroman"]
[Black "chico"]
[WhiteElo "1000"]
[BlackElo "1000"]
[PlyCount "117"]
[Result "1-0"]

1.e4 e5 2.Nc3 Nf6 3.f4 d6 4.d3 Nc6 5.Nf3 Bg4 6.h3 
Bxf3 7.gxf3 h6 8.fxe5 dxe5 9.Be3 Be7 10.Qd2 Qd7 
11.h4 Nd4 12.Bxd4 exd4 13.Ne2 c5 14.Bh3 Qc6 15.Ng3 
g6 16.O-O-O Nd7 17.f4 O-O-O 18.e5 Kb8 19.Bxd7 Qxd7 
20.Ne4 Qe6 21.Kb1 Rdc8 22.c4 Rc6 23.Qe1 Ra6 24.Rg1 
Qb6 25.h5 Rg8 26.hxg6 Rxg6 27.f5 Rxg1 28.Qxg1 Qc7 
29.Qg8+ Qd8 30.Qxd8+ Bxd8 31.Nxc5 Rc6 32.Nb3 Bb6 
33.Rh1 a5 34.Rh4 a4 35.Nxd4 Bxd4 36.Rxd4 Rc5 37.e6 
fxe6 38.fxe6 Re5 39.Rh4 Rxe6 40.Kc2 Kc7 41.a3 Kb6 
42.Kc3 Ka7 43.c5 Ra6 44.d4 Rc6 45.Kb4 b6 46.Kb5 
Kb7 47.cxb6 Rxb6+ 48.Kxa4 Rxb2 49.Rxh6 Rd2 50.Rh4 
Kc6 51.Ka5 Kd5 52.a4 Kc4 53.Ka6 Kb3 54.a5 Kb4 
55.Kb6 Rb2 56.a6 Ka4+ 57.Kc6 Rc2+ 58.Kd7 Ka5 
59.a7 1-0

[Event "HCL-C223"]
[Site "www.playchess.de"]
[Date "2001.04.25"]
[Round "10"]
[White "Trodat"]
[Black "dcarnes"]
[WhiteElo "1277"]
[BlackElo "1070"]
[PlyCount "93"]
[Result "1-0"]

1.e4 c5 2.Nf3 Nc6 3.Nc3 d6 4.h3 g6 5.Bb5 Bg7 6.O-O 
Be6 7.d4 cxd4 8.Nxd4 Bd7 9.Nf3 Nf6 10.Re1 O-O 
11.e5 Nxe5 12.Nxe5 Bxb5 13.Nxg6 fxg6 14.Nxb5 Qb6 
15.Nd4 Nd5 16.c4 Bxd4 17.cxd5 Bxf2+ 18.Kh1 Bxe1 
19.Qxe1 Rf7 20.b3 Raf8 21.Bh6 Rc8 22.Be3 Qa6 23.a4 
Rf1+ 24.Qxf1 Qxf1+ 25.Rxf1 h5 26.Bxa7 Rc3 27.Re1 
Kf7 28.Rf1+ Ke8 29.Rf3 Rxf3 30.gxf3 e6 31.dxe6 Ke7 
32.Kg2 Kxe6 33.b4 Kd5 34.Bb8 Kc6 35.b5+ Kb6 
36.Bxd6 Ka5 37.Bc7+ Kxa4 38.b6 Kb5 39.Kg3 g5 40.h4 
gxh4+ 41.Kxh4 Kc5 42.f4 Kd5 43.Kxh5 Ke6 44.Kg5 Kf7 
45.f5 Kg7 46.f6+ Kf7 47.Kf5 1-0

[Event "HCL-C224"]
[Site "www.playchess.de"]
[Date "2001.04.25"]
[Round "23"]
[White "flywheel"]
[Black "Brazil"]
[WhiteElo "1207"]
[BlackElo "1734"]
[PlyCount "56"]
[Result "0-1"]

1.e4 c5 2.Nf3 d6 3.Bc4 Nc6 4.d4 cxd4 5.Nxd4 g6 
6.Bg5 Bg7 7.Bb5 Bd7 8.O-O Nxd4 9.Bxd7+ Qxd7 10.Nc3 
Nb5 11.Nxb5 Qxb5 12.Be3 Nf6 13.Bd4 O-O 14.c3 Nxe4 
15.Bxg7 Kxg7 16.Qd4+ Nf6 17.b4 Rfc8 18.a4 Qc4 
19.Qxc4 Rxc4 20.Rac1 Rac8 21.a5 R4xc3 22.Rxc3 Rxc3 
23.Re1 Rb3 24.h4 e6 25.Re4 Nxe4 26.f3 Nf6 27.Kf2 
Rxb4 28.g4 Ra4 0-1

[Event "HCL-A101"]
[Site "www.playchess.de"]
[Date "2001.04.25"]
[Round "6"]
[White "Felix"]
[Black "mrchess"]
[WhiteElo "1683"]
[BlackElo "1558"]
[PlyCount "73"]
[Result "1-0"]

1.d4 d5 2.c4 Nf6 3.cxd5 Nxd5 4.e4 Nb6 5.Be3 e6 
6.a3 Be7 7.Nf3 c6 8.Bd3 O-O 9.O-O N8d7 10.Qc2 Re8 
11.Nbd2 Nf8 12.Rfc1 Nbd7 13.b4 Nf6 14.Ne5 Bd6 
15.Nxc6 bxc6 16.Qxc6 Rb8 17.e5 Bxe5 18.dxe5 Qxd3 
19.exf6 Bb7 20.Qc7 Qg6 21.Qg3 Qxg3 22.hxg3 gxf6 
23.Bxa7 Rba8 24.Be3 Bd5 25.a4 Rec8 26.Rxc8 Rxc8 
27.b5 Nd7 28.b6 Bb7 29.a5 Nb8 30.Ra4 Na6 31.Ne4 
Bxe4 32.Rxe4 Rc2 33.b7 Rb2 34.Bb6 Rb1+ 35.Kh2 Rd1 
36.Rc4 Kg7 37.Rc8 1-0

[Event "HCL-E041"]
[Site "www.playchess.de"]
[Date "2001.04.25"]
[Round "2"]
[White "SG42699"]
[Black "Muniz"]
[WhiteElo "1950"]
[BlackElo "2000"]
[PlyCount "31"]
[Result "1-0"]

1.e4 d5 2.exd5 Qxd5 3.Nc3 Qa5 4.d4 Nf6 5.Nf3 c6 
6.Bc4 Bg4 7.h3 Bh5 8.Bd2 Qc7 9.g4 Bg6 10.Qe2 Bxc2 
11.Ne5 Bg6 12.f4 e6 13.f5 Bd6 14.fxg6 hxg6 
15.O-O-O b5 16.Bxe6 1-0

[Event "HCL-E041"]
[Site "www.playchess.de"]
[Date "2001.04.25"]
[Round "4"]
[White "Muniz"]
[Black "NOHAU"]
[WhiteElo "2000"]
[BlackElo "2138"]
[PlyCount "30"]
[Result "0-1"]

1.e4 c5 2.Nf3 d6 3.d4 cxd4 4.Nxd4 Nf6 5.Nc3 a6 
6.f4 e5 7.Nf3 Nbd7 8.a4 Qa5 9.Bd2 Be7 10.fxe5 dxe5 
11.Nd5 Qd8 12.Nxe7 Qxe7 13.Bd3 Nc5 14.Qe2 Bg4 
15.O-O Rc8 0-1

[Event "HCL-E041"]
[Site "www.playchess.de"]
[Date "2001.04.25"]
[Round "6"]
[White "SG42699"]
[Black "NOHAU"]
[WhiteElo "1950"]
[BlackElo "2138"]
[PlyCount "58"]
[Result "0-1"]

1.e4 d6 2.d4 Nf6 3.Nc3 g6 4.Nf3 Bg7 5.Be2 O-O 
6.O-O c6 7.h3 Qc7 8.a4 Nbd7 9.Be3 e5 10.dxe5 dxe5 
11.Bc4 Nh5 12.Qd2 Nb6 13.Bb3 Be6 14.Bxe6 fxe6 
15.Qe2 Nf4 16.Bxf4 exf4 17.e5 Nd7 18.Rfe1 Rf5 
19.Qc4 Re8 20.Nb5 Qb8 21.Nd6 Nxe5 22.Nxe5 Qxd6 
23.Rad1 Qf8 24.Nd7 Qf7 25.Nc5 Rd5 26.b4 f3 27.g4 
Be5 28.Rd3 Bb8 29.Rd4 Qd7 0-1

[Event "HCL-B227"]
[Site "www.playchess.de"]
[Date "2001.04.25"]
[Round "3"]
[White "Ajedrex"]
[Black "MENO"]
[WhiteElo "1500"]
[BlackElo "1500"]
[PlyCount "94"]
[Result "0-1"]

1.e4 {Hello Meno! Nice to play with you. Good 
luck!}  d5 {Hello ajedrex - Good luck to you too}  
2.exd5 Qxd5 3.Nc3 Qa5 4.d4 Nf6 5.Nf3 c6 6.Be2 Bf5 
7.O-O e6 8.Ne5 Nbd7 9.Nxd7 Nxd7 10.Bf4 Be7 11.Bg4 
O-O 12.Re1 Bxg4 13.Qxg4 Nf6 14.Qf3 Qf5 15.Rac1 g5 
16.Be5 Qxf3 17.gxf3 Rad8 18.Rcd1 Ne8 19.Ne4 f6 
20.Bg3 f5 21.Nc3 f4 22.Bxf4 Rxf4 23.Rxe6 Bf6 
24.Ne2 Rxf3 25.c3 Nc7 26.Re3 Rxe3 27.fxe3 Re8 
28.Rd3 Nd5 29.Kf2 g4 30.c4 Nb6 31.b3 Bh4+ 32.Ng3 
Nd7 33.Kg2 Bg5 34.Nf5 Nf6 35.b4 Ne4 36.a4 Rf8 
37.Ng3 Rf2+ 38.Kg1 Rd2 39.Ra3 Nxg3 40.hxg3 Re2 
41.Kf1 Rxe3 42.Rxe3 Bxe3 43.d5 cxd5 44.cxd5 Kf7 
45.Ke2 Bb6 46.a5 Bc7 47.Kf2 Kf6 0-1

[Event "ACL-A112"]
[Site "www.playchess.de"]
[Date "2001.04.25"]
[Round "19"]
[White "ulibear"]
[Black "daniela"]
[WhiteElo "1501"]
[BlackElo "1454"]
[PlyCount "65"]
[Result "1-0"]

1.d4 {schönes spiel!}  g6 {wünsche ich dir auch. 
kommst du aus berlin, ich meine wegen "bear"}  
2.c4 {nein, aus Hamburg. schreibe Bär englischi}  
Bg7 {War schon klar, dachte nur eben dass du 
Berliner seist, weil es das Maskotchen ist!}  
3.Nc3 {ich bin etwas tapsig, daher ...d}  Nf6 
{achso ... was solls! Hamburg ist auch 'ne schöne 
Stadt. Wir waren dort mal bei Bekannten.}  4.e4 d6 
5.f3 O-O {Spielst du von der Arbeit aus oder bist 
du daheim?}  6.Rb1 {vom Büro aus. leider}  e5 {Zu 
Hause einen Rechner zu haben, ist wirklich 
praktisch. Dafür habe ich kein Büro.}  7.dxe5 dxe5 
8.Qxd8 Rxd8 {du tauschst ja schnell ab!}  9.Nd5 
{nicht immer, sondern wie mir der Sinn steht}  
Nxd5 {Achso ... na dann tauschen wir mal gleich 
weiter ab ...}  10.cxd5 {das sindalles zwangszüge, 
gleich geht es frei weiter... gen}  b6 {jetzt 
gibts 100te varianten}  11.Bc4 {du kennst diese 
Variante gut? Ich bin Vereinsspieler und wende sie 
gegen junge Kämpen gern an}  Ba6 {Ich kenne sie 
gar nicht weiter,spiele mehr nach Gefühl, der 
Damentausch war mir schon neu!}  12.b3 {wir sind 
längst vom Buch weg, mein Turmzug b1 ärgert mich 
jetzt}  c6 {Der kam mir ehrlich gesagt zu zeitig 
vor. Seine Idee war mir schon klar.}  13.Bxa6 {muß 
ich wegen 13...b5 wohl nehmen}  Nxa6 {dachte ich 
mir auch so, auch wenn mein S jetzt unglücklich 
steht}  14.dxc6 Rd6 15.b4 {glücklich bin ich mit 
meiner Grundreihe auch nicht}  b5 {Die wird wohl 
leider aber kein Problem bleiben *G*}  16.a4 {na, 
ich weiß nicht ...}  Nc7 {naja - wie auch immer, 
deine Grundreihe ist für mich noch 
sekundär,derBauernrückgewinnscheintwichtig}  17.a5 
Rxc6 {ich halte deine Stellung nicht für sooo 
schwach wie du ... du hast doch jetzt alle Zeit 
der Welt!!!}  18.Be3 {recht hast Du, ich will sie 
erst einmal verbssern suchen}  Na6 {das versuche 
ich auch ... mal schauen, was dabei heraus kommt.} 
 19.Ne2 {deine Stellung gefällt mir besser als 
mein}  Rc2 {Den kleinen Stellungsvorteil zu 
verwirklichen, bedeutet aber noch viele gute Züge 
machen zu müssen!}  20.Ng3 {ist doch ein angebot 
:-))}  Rac8 {Nach Lf2 und Kf1 muss ich aber die 
Qualität geben ... trotzdem danke.}  21.Bxa7 {gut, 
ich steh schlechter und muß nehmen, was zu haben 
ist nehmen, was ich kriegen kann}  R2c1+ {ich 
denke, dass ich den Bauern zurückbekomme, lasse 
mich aber auch eines Besseren belehren}  22.Rxc1 
Rxc1+ 23.Kd2 {sehe licht am ende des tunnels :-))} 
 Bh6+ {Das muss an der Frühlingssonne liegen. Ich 
hoffe, dass die Partie durch Ostern nicht 
verfällt!}  24.Be3 {gut,stellt meinen könig nur 
besser - ich spiele über ostern weiter   h}  Bxe3+ 
{Hab' ich ja Glück gehabt, dass diese Partie noch 
läuft. Bei einigen anderen hatte ich Pech!}  
25.Kxe3 {du stehst auch gut hier}  Rxh1 {Wir 
werden aber beide einen Freibauern haben, so dass 
hier noch nichts entschieden ist.}  26.Nxh1 Nxb4 
27.Nf2 Kf8 {Beinahe wäre die Partie verfallen!?}  
28.Nd3 {wieso?  28...Sa6 wie 28... Sc2 fürchte ich 
nicht}  Na6 {Verfallen wäre sie fast, weil ich nur 
noch 7 Minuten zum Ziehen Zeit hatte!}  29.Nxe5 
{4:3 auf dem Königsflügel macht Hoffnung}  Ke7 
{Das stimmt. Ich denke, dass ich nach Sd3 schon 
schlechter stand, egal ob ich den B 
mitSc6gedeckthätt}  30.f4 {sieht nach spannendem 
Endspiel aus, das noch alles zuläßt}  f6 {na ich 
weiß nicht ... mir fehlt aber auch die Erfahrung 
in S-B-Endspielen!}  31.Nd3 {mal sehen, was sich 
so anbietet}  Kd6 32.Kd4 {aha, die Majestäten Aug 
in Aug}  Ke6 33.Nc5+ {die Gabel nicht gesehen? g?} 
 1-0

[Event "ACL-A113"]
[Site "www.playchess.de"]
[Date "2001.04.25"]
[Round "3"]
[White "RMil"]
[Black "dlc"]
[WhiteElo "1500"]
[BlackElo "1500"]
[PlyCount "41"]
[Result "1-0"]

1.d4 Nf6 2.Nf3 {Good Morning!  My name is Richard 
and I live in FLorida, USA.  It is nice to play a 
game with u.}  e6 3.e3 Be7 4.Nc3 O-O 5.Bd3 d6 
6.O-O Nbd7 7.b4 b6 8.a3 Bb7 9.Qe2 c5 10.dxc5 dxc5 
11.Rb1 Qc7 12.bxc5 Nxc5 13.Rd1 Rfd8 14.Bb2 Ng4 
15.Nb5 Qb8 16.Be5 Nxe5 17.Nfd4 {nice move...didn't 
see that one !  :(}  Bf6 18.Qh5 Nexd3 19.cxd3 Rd5 
20.Qh3 g6 21.e4 1-0

[Event "ACL-A113"]
[Site "www.playchess.de"]
[Date "2001.04.25"]
[Round "6"]
[White "dlc"]
[Black "Habi"]
[WhiteElo "1500"]
[BlackElo "1830"]
[PlyCount "38"]
[Result "0-1"]

1.e4 e6 2.d4 d5 3.e5 c5 4.Nf3 cxd4 5.Nxd4 Nc6 
6.Bf4 Qb6 7.Bb5 Bc5 8.c3 Bxd4 9.Bxc6+ bxc6 10.cxd4 
Qxb2 11.Qc1 Qxc1+ 12.Bxc1 Ne7 13.O-O Nf5 14.Be3 
Nxe3 15.fxe3 Rb8 16.Nd2 Ba6 17.Rfc1 Rb6 18.Nb3 Ke7 
19.Na5 Rc8 0-1

[Event "HCL-B243"]
[Site "www.playchess.de"]
[Date "2001.04.25"]
[Round "9"]
[White "Flay"]
[Black "assmonkey"]
[WhiteElo "1295"]
[BlackElo "932"]
[PlyCount "66"]
[Result "0-1"]

1.e4 e5 {Good luck.}  2.Nf3 Nc6 3.Bc4 Nf6 4.Ng5 d5 
5.exd5 Nxd5 6.Nxf7 Kxf7 7.Qf3+ Ke6 8.Nc3 Nce7 9.d4 
c6 10.O-O Ng6 11.Re1 Qf6 12.Bxd5+ cxd5 13.Qxd5+ 
Ke7 14.Ne4 Qe6 15.Bg5+ Ke8 16.Qb5+ Qd7 17.Qxd7+ 
Bxd7 18.Rad1 h6 19.Bc1 Rd8 20.dxe5 Bc6 21.Nd6+ 
Bxd6 22.exd6+ Kd7 23.b3 Rhe8 24.Rxe8 Rxe8 25.c4 
Re2 26.a3 Be4 27.Kf1 Ra2 28.b4 Ne5 29.c5 Bd3+ 
30.Kg1 Ra1 31.f3 Be2 32.Re1 Ra2 33.Bf4 
Nd3 0-1

[Event "HCL-E045"]
[Site "www.playchess.de"]
[Date "2001.04.25"]
[Round "6"]
[White "kondor"]
[Black "peze"]
[WhiteElo "1740"]
[BlackElo "2031"]
[PlyCount "26"]
[Result "0-1"]

1.Nf3 Nf6 {Hello again!}  2.c4 {Hello!}  b6 3.g3 
c5 4.Bg2 Bb7 5.Nc3 g6 6.O-O Bg7 7.d4 cxd4 8.Qxd4 
Nc6 9.Qf4 Rc8 10.Rd1 O-O 11.Bd2 d6 12.Rac1 Qd7 
13.b3 Nd8 0-1

[Event "HCL-A105"]
[Site "www.playchess.de"]
[Date "2001.04.25"]
[Round "15"]
[White "LUPES"]
[Black "jimmyaaa"]
[WhiteElo "1809"]
[BlackElo "1910"]
[PlyCount "46"]
[Result "1/2-1/2"]

1.e4 c6 2.d4 d5 3.e5 Bf5 4.Nf3 e6 5.c3 Nd7 6.Be2 
h6 7.O-O c5 8.c4 dxc4 9.Na3 cxd4 10.Nxc4 d3 
11.Bxd3 Bxd3 12.Qxd3 Nb6 13.Qxd8+ Rxd8 14.Nxb6 
axb6 15.Bd2 Ne7 16.Bb4 Nc6 17.Bxf8 Rxf8 18.a3 Rd5 
19.Rfe1 Ke7 20.Re3 Rfd8 21.h3 Rc5 22.Kf1 b5 23.b4 
Rc2 1/2-1/2

[Event "HCL-B245"]
[Site "www.playchess.de"]
[Date "2001.04.25"]
[Round "3"]
[White "Buzzard"]
[Black "SAROS"]
[WhiteElo "859"]
[BlackElo "1278"]
[PlyCount "48"]
[Result "0-1"]

1.e4 c6 2.Nf3 d5 3.Nc3 e6 4.e5 f6 5.d4 Bb4 6.Bd3 
Nd7 7.O-O g5 8.exf6 Qxf6 9.Bxg5 Qg7 10.Qe2 Ndf6 
11.Rae1 Bd7 12.Ne5 Qxg5 13.Nxd7 Kxd7 14.Qxe6+ Kc7 
15.Bb5 Re8 16.Nxd5+ Qxd5 17.Qxd5 cxd5 18.c3 Rxe1 
19.Rxe1 Bd6 20.Re6 h5 21.h4 Rh7 22.a4 Re7 23.Re3 
Rxe3 24.fxe3 a6 0-1

[Event "ACL-A127"]
[Site "www.playchess.de"]
[Date "2001.04.25"]
[Round "11"]
[White "jalal"]
[Black "MP"]
[WhiteElo "1500"]
[BlackElo "943"]
[PlyCount "97"]
[Result "1-0"]

1.f4 f5 2.Nc3 Nc6 3.Nf3 Nf6 4.e3 e6 5.Be2 Bb4 
6.O-O O-O 7.Ng5 h6 8.Nh3 d5 9.d3 Bd7 10.Bd2 a6 
11.Bf3 b5 12.Kh1 Bd6 13.a4 b4 14.Ne2 a5 15.Rg1 g6 
16.g4 fxg4 17.Bxg4 Nxg4 18.Rxg4 Kh7 19.Rg3 e5 
20.Qg1 Rg8 21.Qg2 Rg7 22.Qxd5 Qe7 23.Rag1 Rf8 
24.e4 Qe6 25.f5 Qxd5 26.fxg6+ Rxg6 27.exd5 Rxg3 
28.Rxg3 Ne7 29.c4 e4 30.Nhf4 Nf5 31.Rh3 Ng7 32.Ne6 
Nxe6 33.Rxh6+ Kg7 34.dxe6 Bxa4 35.Rh3 Rf2 36.Bh6+ 
Kf6 37.Ng3 exd3 38.Ne4+ Kxe6 39.Nxf2 d2 40.Bxd2 
Be5 41.Nd3 Bd6 42.Be3 c5 43.Bxc5 Bc7 44.Kg1 Bc2 
45.Re3+ Kf5 46.h3 Kg5 47.Be7+ Kf5 48.Kf2 Bxd3 
49.Rxd3 1-0